| Tag |
First Indicator |
Second Indicator |
Subfields |
| LEADER |
00000cam a2200000Mi 4500 |
| 001 |
in00004580973 |
| 006 |
m o d |
| 007 |
cr cn||||||||| |
| 008 |
170919s2017 enk o 000 0 eng d |
| 005 |
20220613175753.0 |
| 035 |
|
|
|a (FlBoTFG)9780203758564
|
| 040 |
|
|
|a OCoLC-P
|b eng
|e rda
|e pn
|c OCoLC-P
|
| 020 |
|
|
|a 9781351452960
|q (e-book ;
|q PDF)
|
| 020 |
|
|
|a 1351452967
|
| 020 |
|
|
|a 9781351452946
|
| 020 |
|
|
|a 1351452940
|
| 020 |
|
|
|z 9780412576201
|
| 024 |
7 |
|
|a 10.1201/9780203758564
|2 doi
|
| 035 |
|
|
|a (OCoLC)1004366335
|
| 035 |
|
|
|a (OCoLC-P)1004366335
|
| 050 |
|
4 |
|a QA273
|b .T835 2017
|
| 082 |
0 |
4 |
|a 519.2
|
| 100 |
1 |
|
|a Tuckwell, Henry C.,
|e author.
|
| 245 |
1 |
0 |
|a Elementary Applications of Probability Theory, Second Edition /
|c Henry C. Tuckwell.
|
| 250 |
|
|
|a Second edition.
|
| 264 |
|
1 |
|a London :
|b Taylor and Francis,
|c 2017.
|
| 300 |
|
|
|a 1 online resource :
|b text file, PDF
|
| 336 |
|
|
|a text
|b txt
|2 rdacontent
|
| 337 |
|
|
|a computer
|b c
|2 rdamedia
|
| 338 |
|
|
|a online resource
|b cr
|2 rdacarrier
|
| 520 |
2 |
|
|a "This book provides a clear and straightforward introduction to applications of probability theory with examples given in the biological sciences and engineering. The first chapter contains a summary of basic probability theory. Chapters two to five deal with random variables and their applications. Topics covered include geometric probability, estimation of animal and plant populations, reliability theory and computer simulation. Chapter six contains a lucid account of the convergence of sequences of random variables, with emphasis on the central limit theorem and the weak law of numbers. The next four chapters introduce random processes, including random walks and Markov chains illustrated by examples in population genetics and population growth. This edition also includes two chapters which introduce, in a manifestly readable fashion, the topic of stochastic differential equations and their applications."--Provided by publisher.
|
| 505 |
0 |
0 |
|t Chapter 1 A review of basic probability theory /
|r Henry C. Tuckwell --
|t chapter 2 Geometric probability /
|r Henry C. Tuckwell --
|t chapter 3 Some applications of the hypergeometric and Poisson distributions /
|r Henry C. Tuckwell --
|t chapter 4 Reliability theory /
|r Henry C. Tuckwell --
|t chapter 5 Simulation and random numbers /
|r Henry C. Tuckwell --
|t chapter 6 Convergence of sequences of random variables: the central limit theorem and the laws of large numbers /
|r Henry C. Tuckwell --
|t chapter 7 Simple random walks /
|r Henry C. Tuckwell --
|t chapter 8 Population genetics and Markov chains /
|r Henry C. Tuckwell --
|t chapter 9 Population growth I: birth and death processes /
|r Henry C. Tuckwell --
|t chapter 10 Population Growth II: Branching Processes /
|r Henry C. Tuckwell --
|t chapter 11 Stochastic Processes and an Introduction to Stochastic Differential Equations /
|r Henry C. Tuckwell --
|t chapter 12 Diffusion processes, stochastic differential equations and applications /
|r Henry C. Tuckwell.
|
| 588 |
|
|
|a OCLC-licensed vendor bibliographic record.
|
| 650 |
|
0 |
|a Probabilities.
|
| 650 |
|
0 |
|a Mathematical statistics.
|
| 650 |
|
0 |
|a Rider, Alex (Fictitious character)
|v Juvenile fiction.
|
| 655 |
|
7 |
|a Electronic books.
|2 local
|
| 710 |
1 |
|
|a Taylor & Francis.
|
| 730 |
0 |
|
|a MATHnetBASE.
|
| 856 |
4 |
0 |
|u http://proxy.library.tamu.edu/login?url=https://www.taylorfrancis.com/books/9780203758564
|z Connect to the full text of this electronic book
|t 0
|
| 938 |
|
|
|a Taylor & Francis
|b TAFR
|n 9780203758564
|
| 999 |
f |
f |
|s 2fdaca88-c042-404d-a09f-55d531b75ce5
|i 2fdaca88-c042-404d-a09f-55d531b75ce5
|t 0
|
| 952 |
f |
f |
|a Texas A&M University
|b College Station
|c Electronic Resources
|d Available Online
|t 0
|e QA273 .T835 2017
|h Library of Congress classification
|
| 998 |
f |
f |
|a QA273 .T835 2017
|t 0
|l Available Online
|